000
00312nam a22001457a 4500
008
221118b ||||| |||| 00| 0 eng d
020
_a
9781573920735
041
_a
eng
080
_a
61
082
_a
61HEI
100
_a
4
101
_a
MJEKS
245
_a
ETHICS IN MEDICINE
_c
HEIFETZ .D.M
942
_2
udc
_c
BK
999
_c
58945
_d
58945